Score 0/28 Timer 04:00
2 Plays Today
% Correct
Count Dracula
98%
Count von Count
94.7%
Edward Cullen
91.4%
Tinker Bell
89.5%
Shrek
88.3%
Flora
88.2%
Frodo
87.9%
Bilbo
86.9%
Fauna
86.2%
Lestat de Lioncourt
81.9%
Dobby
77.4%
Samwise
76.7%
Smaug
76.2%
Remus Lupin
75%
% Correct
Legolas
74.5%
Jacob Black
71.5%
Barnabas Collins
70.1%
Angel
65.2%
Meriadoc
61.8%
Norbert
61%
Merryweather
60.6%
Peregrin
58.9%
Eric Northman
57.9%
Puck
56.6%
Ernest J. Keebler
52.7%
Saphira
46.2%
Navi
44.6%
Hermey
40.3%
Remove Ads.
Support Sporcle.
Get the best of Sporcle when you Go Orange. This ad-free experience offers more features, more stats, and more fun while also helping to support Sporcle. Thank you for becoming a member.

You're not logged in!

Compare scores with friends on all Sporcle quizzes.
OR
Log In

Show Comments

Extras

Top Quizzes Today


Score Distribution

Your Account Isn't Verified!

In order to create a playlist on Sporcle, you need to verify the email address you used during registration. Go to your Sporcle Settings to finish the process.

Report this User

Report this user for behavior that violates our Community Guidelines.

Details: